Loreto College Library, Kolkata
WEBOPAC (ONLINE PUBLIC ACCESS CATALOGUE)

Adivasis in colonial India (Record no. 42754)

MARC details
000 -LEADER
fixed length control field 00629nam a22002057a 4500
005 - DATE AND TIME OF LATEST TRANSACTION
control field 20210708134502.0
008 - FIXED-LENGTH DATA ELEMENTS--GENERAL INFORMATION
fixed length control field 210708b xxu||||| |||| 00| 0 eng d
020 ## - ISBN | অাই এস বি এন
ISBN | অাই এস বি এন 9788125040941
PRICE Rs 1195
040 ## - CATALOGING SOURCE
Language of cataloging eng
041 ## - LANGUAGE CODE
Language code English
082 ## - DDC | ডিউই
Classification number | বর্গসংখ্যা 305.8
Book Number | গ্রন্থাঙ্ক PAT
245 ## - TITLE STATEMENT | অাখ্যা বিবরণী
Title | অাখ্যা Adivasis in colonial India
Sub title | উপঅাখ্যা Survival, resistance and negotiation
Statement of responsibility | লেখকের দায়িত্বের বিবরণ Edited by Biswamoy Pati
260 ## - IMPRINT | প্রকাশনা ক্ষেত্র
Place of publication | প্রকাশ স্থান New Delhi
Name of publisher | প্রকাশকের নাম Orient Blackswan Private Limited
Date of publication | প্রকাশ কাল 2011
300 ## - PHYSICAL DESCRIPTION |
Page / Vol. No | পৃষ্ঠা / খন্ড সংখ্যা xii,368p
Other physical details | অনান্য বাহ্যিক বিবরণ 24 cm
504 ## - BIBLIOGRAPHY, ETC. NOTE
Bibliography, etc Includes bibliography and index
650 ## - SUBJECT ADDED ENTRY--TOPICAL TERM | বিষয় শিরোনাম - মূল বিষয়
Topical term | মূল বিষয় Adivasi
Chronological subdivision | কালগত বিভাগ Colonial times
Geographic subdivision | ভৌগলিক বিভাগ India
700 ## - ADDED ENTRY--PERSONAL NAME | অতিরিক্ত সংলেখ - ব্
Relator code | দায়িত্ব নির্দেশক ed.
Personal name | ব্যাক্তিনাম Pati, Biswamoy
850 ## - HOLDING INSTITUTION
Holding institution LCLIB
Sub Holdings
942 ## - ADDED ENTRY ELEMENTS (KOHA)
Koha item type Books
Holdings
Withdrawn status Lost status Source of classification Damaged status Not for loan Home library Current library Shelving location Date acquired Price Total Checkouts Full call number Accession No. Date last seen Price effective from Koha item type
    Dewey Decimal Classification     Loreto College Loreto College DLIT 08/07/2021 1195.00   305.8 PAT 52165 46784 08/07/2021 08/07/2021 Books